| 000 | 00372nam a2200157Ia 4500 | ||
|---|---|---|---|
| 100 | _aMohapatra/Ranjan kumar | ||
| 650 | _aChemistry | ||
| 942 | _cBK | ||
| 366 | _f25 | ||
| 654 | _achemistry | ||
| 245 | _aEngineering chemistry with Laboratory experiments | ||
| 260 |
_bPrentice -Hall of India _c2016 |
||
| 082 | _bMOH | ||
| 300 | _a370 | ||
| 546 |
_aENGLISH _cComputers |
||
| 999 |
_c31778 _d31778 |
||